| 000 | 00896cam a2200265 4500 | ||
|---|---|---|---|
| 001 | ABS62567 | ||
| 008 | 000000n2000 000 0 eng u | ||
| 035 | _a(Sirsi) u107172 | ||
| 100 | _aPearson, A. | ||
| 245 | _aThink thin | ||
| 260 | _c2000 | ||
| 490 |
_aBuilding _v265(8141) 16 June 2000, 50-52(2) |
||
| 520 | _aWith space at a premium in the City of London, thinner walls can result in significant savings for property developers. Describes how MEPC kept wall thickness to a minimum in their speculative office development, Woolgate Exchange. | ||
| 590 | _aABS | ||
| 650 | _aLONDON | ||
| 650 | _aOFFICE RENTS | ||
| 650 | _aOFFICE SPACE | ||
| 650 | _aBUILT ENVIRONMENT-BUILDING COSTS | ||
| 650 | _aWOOLGATE EXCHANGE | ||
| 650 | _aMEPC | ||
| 650 | _aSPECULATIVE DEVELOPMENT | ||
| 650 | _aOFFICE DEVELOPMENT | ||
| 690 | _aBUILT ENVIRONMENT-CONSTRUCTION DESIGN | ||
| 942 | _n0 | ||
| 999 |
_c64069 _d64069 |
||